Statistics for Every Harry Potter Character Ever

Click here to take the quiz!

General Stats

  • This quiz has been taken 54 times
  • The average score is 153 of 252

Answer Stats

HINTANSWER% Correct
PotterHarry
91%
DumbledoreAlbus
89%
WeasleyArthur
89%
LestrangeBellatrix
89%
ChangCho
89%
MalfoyDraco
89%
DursleyDudley
89%
DelacourFleur
89%
WeasleyGinny
89%
AbbottHannah
89%
HufflepuffHelga
89%
PotterJames
89%
PotterLily
89%
LovegoodLuna
89%
Weasley | Weasley 2nd gen.Molly
89%
LongbottomNeville
89%
DursleyPetunia
89%
WeasleyRon
89%
BlackSirius
89%
BagshotBathilda
87%
DiggoryCedric
87%
WeasleyCharlie
87%
WeasleyFred
87%
WeasleyGeorge
87%
OwlHedwig
87%
GrangerHermione
87%
MalfoyNarcissa
87%
PettigrewPeter
87%
HagridRubeus
87%
SnapeSeverus
87%
RiddleTom
87%
WeasleyBill
84%
House ElfDobby
84%
GryffindorGodric
84%
MalfoyLucius
84%
BagmanLudo
84%
McGonagallMinerva
84%
WeasleyPercy
84%
SlytherinSalazar
84%
DursleyVernon
84%
KrumViktor
84%
MoodyAlastor
82%
BellKatie
82%
ScamanderNewt
82%
TonksNymphadora
82%
LupinRemus
82%
SkeeterRita
82%
FilchArgus
80%
ThomasDean
80%
UmbridgeDolores
80%
GoyleGregory
80%
SnakeNagini
80%
HornbyOlive
80%
RavenclawRowena
80%
CatCrookshanks
78%
GrindelwaldGellert
78%
LockhartGilderoy
78%
DursleyMarge
78%
FinniganSeamus
78%
CrabbeVincent
78%
LongbottomAlice
76%
DumbledoreAriana
76%
HippogriffBuckbeak
76%
CreeveyColin
76%
PhoenixFawkes
76%
SlughornHorace
76%
BrownLavender
76%
WoodOliver
76%
Lupin | TonksTeddy
76%
DiggoryAmos
73%
GreybackFenrir
73%
FlitwickFilius
73%
KarkaroffIgor
73%
ShackleboltKingsley
73%
ParkinsonPansy
73%
ClearwaterPenelope
73%
TrelawneySybill
73%
ToadTrevor
73%
LovegoodXenophilius
73%
Potter 2nd gen.Albus Severus
71%
JohnsonAngelina
71%
AcromantulaAragog
71%
ZabiniBlaise
71%
FudgeCornelius
71%
Bryce | LongbottomFrank
71%
House ElfKreacher
71%
de-Mimsy PorpingtonNicholas
71%
MaximeOlympe
71%
PatilPadma
71%
PatilParvati
71%
PoltergeistPeeves
71%
ShunpikeStan
71%
BonesSusan
71%
DumbledoreAberforth
69%
PaintingFat Lady
69%
RavenclawHelena
69%
JordanLee
69%
GauntMarvolo
69%
CattermoleMary
69%
FlamelNicolas
69%
PomfreyPoppy
69%
BlackRegulus
69%
MclaggenCormac
67%
Macmillan | PrangErnie
67%
DogFang
67%
CerebrusFluffy
67%
Finch-FletchleyJustin
67%
DumbledoreKendra
67%
Belby | FlintMarcus
67%
GauntMerope
67%
Bagnold | BulstrodeMillicent
67%
CarrowAlecto
64%
BurbageCharity
64%
CreeveyDennis
64%
DelacourGabrielle
64%
Weasley 2nd gen.Hugo
64%
Potter 2nd gen.James Sirius
64%
DragonNorbert
64%
DumbledorePercival
64%
Weasley 2nd gen.Rose
64%
ScrimgeourRufus
64%
House ElfWinky
64%
LongbottomAugusta
62%
GhostBloody Baron
62%
CentaurFirenze
62%
GoblinGriphook
62%
CornerMichael
62%
GauntMorfin
62%
SmithZacharias
62%
BonesAmelia
60%
CarrowAmycus
60%
GoldsteinAnthony
60%
FiggArabella
60%
GreengrassAstoria
60%
OwlErrol
60%
RosierEvan
60%
GhostFat Friar
60%
Potter 2nd gen.Lily Luna
60%
FletcherMundungus
60%
SproutPomona
60%
LestrangeRodolphus
60%
SpinnetAlicia
58%
TonksAndromeda
58%
DolohovAntonin
58%
DippetArmando
58%
OgdenBob
58%
OwlPigwidgeon
58%
ThicknessePius
58%
HoochRolanda
58%
BootTerry
58%
PeverellIgnotus
56%
BlackPhineas
56%
MalfoyScorpius
56%
SinistraAurora
53%
CrouchBarty Jr.
53%
PeverellCadmus
53%
CresswellDirk
53%
PrinceEileen
53%
DogeElphias
53%
GiantGrawp
53%
SmithHepzibah
53%
DawlishJohn
53%
EdgecombeMarietta
53%
PolkissPiers
53%
CattermoleReginald
53%
NottTheodore
53%
Weasley 2nd gen.Victoire
53%
RuncornAlbert
51%
BinnsCuthbert
51%
DiggleDedalus
51%
VanceEmmeline
51%
PrewettFabian
51%
FortescueFlorean
51%
PrewettGideon
51%
OwlHermes
51%
Weasley 2nd gen.Louis
51%
HopkirkMafalda
51%
QuirrellQuirinus
51%
DaviesRoger
51%
VaneRomilda
51%
Grubbly-PlankWilhelmina
51%
CrouchBarty Sr.
49%
JorkinsBertha
49%
OllivanderGarrick
49%
CatMrs Norris
49%
PeverellAntioch
47%
RookwoodAugustus
47%
Weasley 2nd gen.Dominique
47%
House ElfHokey
47%
PinceIrma
47%
LestrangeRabastan
47%
PuceyAdrian
44%
Weasley 2nd gen.Lucy
44%
BlackWalburga
44%
MacnairWalden
44%
KirkeAndrew
42%
SloperJack
42%
GregorovitchMykew
42%
BlackOrion
42%
TwycrossWilkie
42%
BathsheldaBabbling
40%
BodeBroderick
40%
GreengrassDaphne
40%
RobinsDemelza
40%
Weasley 2nd gen.Fred II
40%
FlamelPerenelle
40%
VectorSeptima
40%
MalfoyAbraxus
38%
RowleThorfinn
38%
GoblinBogrod
36%
WarbeckCelestina
36%
CrockfordDoris
36%
MckinnonMarlene
36%
DogRipper
36%
PodmoreSturgis
36%
MeadowsDorcas
33%
MidgenEloise
33%
JonesGwenog
33%
JonesHestia
33%
PaintingSir Cadogan
33%
MarchbanksGriselda
31%
PeakesJimmy
31%
AcromantulaMosag
31%
DelacourApolline
29%
KettleburnSilvanus
29%
LynchAiden
27%
FenwickBenjy
27%
GoblinGornuk
27%
MostafaHassan
27%
CentaurMagorian
27%
BrocklehurstMandy
27%
CooteRitchie
27%
BonesEdgar
24%
BurkeCaractacus
22%
BletchleyMiles
22%
BagmanOtto
22%
HiggsTerrence
20%
DearbornCaradoc
13%
OgdenTiberius
13%
CuffeBarnabas
11%
PringleApollyon
9%
JonesMegan
9%
RobardsGawain
7%
WhispKennilworthy
7%
CentaurBade
4%
Weasley 2nd gen.Roseanne
2%

Score Distribution

Percentile by Number Answered

Percent of People with Each Score

Your Score History

You have not taken this quiz